| 000 | 00598nam a2200169 i 4500 | ||
|---|---|---|---|
| 001 | 30319 | ||
| 003 | ES-MaACL | ||
| 005 | 20230906154156.0 | ||
| 007 | t| | ||
| 008 | 030124q18001899fr ||||1| fre d | ||
| 100 | 1 |
_aBasterot, Barthélemy de. _926351 |
|
| 245 | 1 | 0 |
_aTraité élémentaire du jeu des échecs, avec cent parties des joueurs les plus célèbres, précédé de mélanges historiques, anecdotiques et littéraires / _cpar le Cte de Basterot. |
| 260 |
_aParís : _b[s.n., _c18--?] ( _fJ.B. Gros) |
||
| 300 |
_a372 p. ; _c17 cm. |
||
| 650 | 0 | 4 |
_aAjedrez. _99707 |
| 852 |
_aES-MaACL _jD-1556 |
||
| 999 |
_c30319 _d30319 |
||